00758nam a2200181 a 450000500170000000800410001705000230005824500930008126000860017430000120026044000630027250000380033552000170037365000590039065000570044965000610050670000090056720140414093839.0040310s19uu xx 00 eng d aVHS 370bOR 11 t.3 aMaximizing learning for English language learners :bensuring success in all classrooms. aAlexandria, Va :bAssociation for Supervision and Curriculum Development,cc2003. a35 min. aMaximizing learning for English language learners ; tape 3 aFacilitator's guide, Tapes 1,2,3. aLibrary has: aCurriculum planning (English language)xUnited States. aEnglish languagexStudy and teachingxUnited States. aEducation, BilingualxStudy and teachingxUnited States. aASCD